Estonia the Forgotten Nation (Запис № 580619)

МАРК-запис
000 -Лідер
fixed length control field 00669 a2200205 4500
003 - Ідентифікатор контрольного номера
control field UA-OsUOA
005 - Дата та час останнього входження (трансакції)
control field 20260429153501.0
008 - Елементи даних фіксованої довжини – загальна інформація
fixed length control field 260429b un ||||| |||| 00| 0 ukr d
040 ## - Джерело каталогізації
Агенція оригінальної каталогізації UA-OsUOA
Мова каталогізації eng
Агенція, яка здійснювала перезапис UA-OsUOA
Агенція, яка здійснювала модифікацію UA-OsUOA
041 ## - Код мови
Код мови тексту/ звукової доріжки чи окремого заголовка (П) eng
080 ## - Індекс Універсальної десяткової класифікації
Індекс Універсальної десяткової класифікації (УДК) (НП) 94(474.2)
090 ## - Локальний шифр розміщення
Класифікаційний індекс УДК 94(474.2)
Авторський знак (НП) E81
245 ## - Відомості про назву
Назва (НП) Estonia the Forgotten Nation
Дані про відповідальність (НП) compiled by E. Kareda, M. Econ
260 ## - Публікація, розповсюдження і т.п. (Вихідні дані)
Ім’я/ наймення видавництва, розповсюджувача і т.п. (П) Estonian Central Council in Canada
Дата публікації, розповсюдження і т.п. (П) 1961
Місце публікації, розповсюдження і т.п. (П) Toronto
300 ## - Фізичний опис
Обсяг 63 p.
650 ## - Додаткове предметне введення – тематичний термін
Джерело заголовка чи терміна UDC
Тематичний термін чи географічна назва, як елемент введення (НП) 94 Всесвітня історія
9 (RLIN) 1868
942 ## - Додаткові елементи входу (Коха)
Тип елемента Koha Книги
Source of classification or shelving scheme Universal Decimal Classification
955 ## - Код типу видання за змістом
Код типу видання за змістом (НП) Науково-популярні видання
Фонди
Стан вилучень Стан втрат Джерело класифікації або схеми стелажів Стан уражень Не для кредиту Код колекції Постійне місце розташування Поточне розміщення Дата придбання Джерело придбання Вартість, звичайна ціна покупки Інвентарний номер Усього замовленно Повний номер виклику Штрих-код Дата останнього перегляду Вартість, ціна заміни Ціна ефективна від Тип елемента Koha Примітка, призначена для загального доступу
    Universal Decimal Classification     Колекція др. Константина Бризгуна (Оксани і Ярослава Соколиків) Наукова бібліотека ІДУД Наукова бібліотека ІДУД 29/04/2026 №12/29.04.2026 (ІДУД) 1.00 300844   94(474.2) E81 300844 29/04/2026 1.00 28/04/2026 Книги Отримано в дар від Оксани Бризгун-Соколик ; містить екслібрис "Соколиків"